Armando discepolo /
Guardado en:
| Autor Principal: | |
|---|---|
| Formato: | Libro |
| Publicado: |
Buenos Aires :
A-z,
1986
|
| Series: | Escritores argentinos por autores argentinos
|
| Materias: | |
| Etiquetas: |
Agregar Etiqueta
Sin Etiquetas, Sea el primero en etiquetar este registro!
|
| LEADER | 00657nam a22002295a 4500 | ||
|---|---|---|---|
| 001 | CEM.cems006185 | ||
| 005 | 20060214000000.0 | ||
| 008 | 130507s1986##################000#0#####d | ||
| 003 | CEMS | ||
| 082 | 0 | 4 | |a A862.4 |
| 100 | 1 | |a Talice, Roberto | |
| 245 | 1 | 0 | |a Armando discepolo / |
| 260 | |a Buenos Aires : |b A-z, |c 1986 | ||
| 300 | |a 108 p. | ||
| 490 | 0 | |a Escritores argentinos por autores argentinos | |
| 505 | 0 | |a Notas biogr ficas.-Antolog¡a.- | |
| 653 | |a Discepolo, a.-biografia | ||
| 653 | |a Donacion c. basico | ||
| 653 | |a Literatura | ||
| 653 | |a Literatura argentina | ||
| 653 | |a Teatro | ||
| 859 | |a CEMS |b BIB. CEMS - 11 de abril |h A862.4 |i T143 |p 16655.92 |t Ej.1 | ||
